Noise and Vibration Control of Automotive Body (Record no. 591425)
[ view plain ]
| 000 -LEADER | |
|---|---|
| fixed length control field | 00385nam a22001337a 4500 |
| 020 ## - INTERNATIONAL STANDARD BOOK NUMBER | |
| International Standard Book Number | 9781119515494 |
| 040 ## - CATALOGING SOURCE | |
| Transcribing agency | NUST |
| 082 ## - DEWEY DECIMAL CLASSIFICATION NUMBER | |
| Classification number | 629.231 PAN |
| 100 ## - MAIN ENTRY--PERSONAL NAME | |
| Personal name | Pang, Jian |
| 9 (RLIN) | 98946 |
| 245 ## - TITLE STATEMENT | |
| Title | Noise and Vibration Control of Automotive Body |
| 260 ## - PUBLICATION, DISTRIBUTION, ETC. | |
| Place of publication, distribution, etc. | Hoboken: |
| Name of publisher, distributor, etc. | John Wiley & Sons, |
| Date of publication, distribution, etc. | 2019. |
| 650 ## - SUBJECT ADDED ENTRY--TOPICAL TERM | |
| Topical term or geographic name entry element | Automobiles-Noise.Automobiles- Vibration.NUSTTB2022 |
| 9 (RLIN) | 102800 |
| 942 ## - ADDED ENTRY ELEMENTS (KOHA) | |
| Source of classification or shelving scheme | |
| Koha item type | Book |
| Withdrawn status | Lost status | Source of classification or shelving scheme | Damaged status | Not for loan | Permanent Location | Current Location | Shelving location | Date acquired | Total Checkouts | Full call number | Barcode | Date last seen | Price effective from | Koha item type |
|---|---|---|---|---|---|---|---|---|---|---|---|---|---|---|
| College of Electrical & Mechanical Engineering (CEME) | College of Electrical & Mechanical Engineering (CEME) | General Stacks | 09/14/2022 | 629.231 PAN | CEME-50839 | 09/14/2022 | 09/14/2022 | Book | ||||||
| College of Electrical & Mechanical Engineering (CEME) | College of Electrical & Mechanical Engineering (CEME) | General Stacks | 10/11/2022 | 280 SCB | CEME-50839-A | 10/11/2022 | 10/11/2022 | Book |
